| 000 | 01478cam a22002895a 4500 | ||
|---|---|---|---|
| 001 | 149239 | ||
| 008 | 030702n2008 000 0 eng u | ||
| 020 | _a9780470680568 | ||
| 035 | _a(Sirsi) u149239 | ||
| 041 | _aeng | ||
| 050 |
_a692.8 _c18 |
||
| 100 | 1 | _aJones, Neil F. | |
| 245 | 3 | 4 |
_aThe JCT major project form _h[electronic resource] |
| 260 |
_bWiley-Blackwell _c2008 |
||
| 300 | _aeBook | ||
| 520 | _aThe "Major project form" is suitable for: experienced users who require limited procedural provisions in the contract form and have their own in-house procedures; experienced knowledgeable contractors who can put in place a proper system of risk; and significant projects in terms of size and complexity. Contains: general obligations; time; control; valuation and payment; indemnities and insurance; assignment and third party rights; default and dispute resolution; and communications and definitions. Also contains a copy of the attestation, the third party rights schedule, and the pricing document. | ||
| 590 | _aNB | ||
| 590 | _aNB | ||
| 650 | _aMPF 2003 | ||
| 650 | 2 | 4 | _aEBOOK |
| 650 | _aMAJOR PROJECTS | ||
| 650 | _aBUILT ENVIRONMENT-BUILDING CONTRACT FORMS-STANDARD FORMS OF BUILDING CONTRACT-JOINT CONTRACTS TRIBUNAL CONTRACTS | ||
| 651 | 4 | _aENGLAND AND WALES | |
| 690 | _aBUILT ENVIRONMENT-BUILDING CONTRACT FORMS | ||
| 856 | 4 | 8 |
_uhttps://www.vlebooks.com/ _zView on VLEbooks. Logins for members only from [email protected] |
| 942 | _n0 | ||
| 999 |
_c110437 _d110437 |
||